000
00483nam a2200133Ia 4500
008
100328s9999 xx 000 0 und d
082
_b
21275
100
_a
वरेरकर भार्गवराम विठ्ठल-अनु.
245
_a
अनुपमेचं प्रेम
260
_b
सदेभिरुची प्रकाशन
630
_a
अनुपमेचं प्रेम
730
_a
अनुपमेचं प्रेम
942
_c
BOOK
999
_c
515312
_d
515309